Subdivisiones de Hispania en el Siglo I d.C con un Mapa - Estadísticas

Estadísticas generales
  • Esta prueba ha sido intentada 24 veces
  • La puntuación promedio es 6 de 14
Respuestas en el mapa
Las respuestas están codificadas por una escala verde-roja en el mapa de la prueba según el % correcto abajo.
 
Estadísticas de respuestas
Respuesta % Correcto
Tarraco
74%
Hispalis
68%
Corduba
63%
Augusta Emerita
58%
Gades
58%
Bracara Augusta
47%
Cartago Nova
47%
Asturica Augusta
42%
Caesaragusta
42%
Lucus Augusti
37%
Clunia
21%
Scallabis
16%
Pax Iulia
11%
Astigi
5%
No se encontraron pruebas coincidentes
Distribución de puntuación
Porcentaje de gente con cada puntuación
Porcentaje por número respondido
Historial de tus puntuaciones
No has intentado esta prueba.